000 00514nam a2200181Ia 4500
003 GCL
005 20240530101132.0
008 140319s9999 xx 000 0 aRus d
040 _aGCL /
_cGCL
082 0 4 _a860
_bU M
100 1 _aURRUTIA, LEOPOLDO DE LUIS Y JORGE
245 1 0 _aMIGUEL HERMANDEZ: OBRA POETICA COMPLETA /
_cURRUTIA, LEOPOLDO DE LUIS Y JORGE
260 _a[S.N] :
_bA LIANZA EDITORIAL ،
_c1986
300 _a648 P
650 0 4 _aLITERATURE
650 0 4 _aSPANISH LITERATURE
942 _2ddc
_cBK
999 _c24990
_d24990